| 000 | 00380nam a2200145Ia 4500 | ||
|---|---|---|---|
| 005 | 20250729165750.0 | ||
| 008 | 250729s2015 xx 000 0 und d | ||
| 041 | _akan | ||
| 082 | _a494.507 SANH | ||
| 100 |
_aSatha Joseph Maha Vidyalaya _9232477 |
||
| 245 | _aHasitu Thorana | ||
| 260 |
_aMangalore _bSantha Joseph Vidyalaya _c2015 |
||
| 300 | _a62p | ||
| 650 |
_aKannada _9232478 |
||
| 999 |
_c239802 _d239802 |
||